|
|
|
|
| LEADER |
00684nta a2200169 i 4500 |
| 001 |
dipl28826 |
| 005 |
20130314085912.0 |
| 008 |
110720s2005 hu om 0|| zxx d |
| 040 |
|
|
|a SZTE Diploma Repozitórium
|b hun
|
| 041 |
|
|
|a zxx
|
| 100 |
1 |
|
|a Kulcsár Györgyi
|
| 245 |
1 |
0 |
|a Okirati bizonyítás a polgári perben
|h [elektronikus dokumentum] /
|c Györgyi Kulcsár
|
| 260 |
|
|
|c 2005
|
| 650 |
|
4 |
|a Jogi és igazgatási tanulmányok
|
| 700 |
1 |
|
|a Köblös Adél
|e ths
|
| 856 |
4 |
0 |
|u http://diploma.bibl.u-szeged.hu/id/eprint/28826/1/2005_kulcsar_gyorgyi_71_2005.pdf
|z Dokumentum-elérés
|
| 856 |
4 |
0 |
|u http://diploma.bibl.u-szeged.hu/id/eprint/28826/2/2005_kulcsar_gyorgyi_71_2005.pdf
|z Dokumentum-elérés
|